| 000 | 00568nam a2200193Ia 4500 | ||
|---|---|---|---|
| 005 | 20250508150212.0 | ||
| 008 | 008 250505s9999 xx 000 0 eng d | ||
| 037 | _aTextual | ||
| 040 |
_aFEDL _beng _cFEDL |
||
| 041 |
_aeng _2eng |
||
| 084 |
_a371.3, LAN _qFEDL |
||
| 100 |
_aLancelot W H _9755994 |
||
| 245 | 0 | _aPermanent learning : A study in educational techniques | |
| 260 |
_aNew York, USA _bJohn Wiley and Sons _c1929 |
||
| 300 | _ax,221p. | ||
| 650 |
_aTeaching Teahnique _9755995 |
||
| 942 |
_cTEXL _h371.3, LAN |
||
| 999 |
_c1322358 _d1322358 |
||